000 02376nam2a2200373 4500
001 RU\NLR\ONIZ\304937
005 20251123121204.0
021 _aRU
_b2023-078722
_92023-КН-П-7952
035 _a(NLR Aleph) 022668527
090 _a13467926
_c13467926
100 _a20241017d2023 k y0rusy50 ca
101 0 _arus
102 _aRU
105 _ay ||||000|y
200 1 _aМузыкальный фольклор села Мишковка в записях 1950-х годов
_bТекст
_eиз фондов Научного центра народной музыки имени К. В. Квитки МГК им. П. И. Чайковского
_eпесенный сборник с аудиоприложением на DVD
_fсоставление, предисловие и комментарии Е. В. Битеряковой
_gподготовка текстов Е. В. Битеряковой, О. В. Ивановой
210 _d2023
_gАвтографф
_eБрянск
215 _a53, [1] с.
_eАудиоприложение на DVD
300 _aПеред предисловием: К 70-летию первых аудиозаписей музыкального фольклора села Мишковка
461 0 _1001RU\NLR\ONIZ\304936
_12001#$aАнтология фольклора Брянской области$bНоты$vВып. 5. Ч. 2
_913467925
_cБрянск
_d2004-
_n[б. и.]
_tАнтология фольклора Брянской области: Ноты
_vВып. 5. Ч. 2
606 1 _aФольклор Брянской области
_jЗвукозапись
_2nlr_sh
686 0 _aЩ92(2Р=Рус)-4 Брянская область
686 0 _aЩ92(2Р=Рус)-5 Брянская область
702 1 _9z01790
_aБитерякова
_bЕ. В.
_gЕлена Викторовна
_4220
_4080
_7ca
702 1 _9z02790
_aИванова
_bО. В.
_cМузыковед-фольклорист (этномузыколог)
_gОльга Владимировна
_4570
_7ca
790 1 _9z01702
_aBiterjakova
_bE. V.
_gElena Viktorovna
_4220
_4080
_7ba
790 1 _9z02702
_aIvanova
_bO. V.
_gOl`ga Vladimirovna
_4570
_7ba
801 0 _aRU
_bNLR
_c20241017
_gPSBO
801 1 _aRU
_bNLR
_c20241017
_2rusmarc
801 2 _aRU
_bNLR
_c20251117
852 _aNLR
_gМ
_j985-3/211(5.2)
_m274830
_t1
942 _cBOOK
980 _aONIZ
980 _aNB